| Tag |
First Indicator |
Second Indicator |
Subfields |
| LEADER |
00000cam a22000008a 4500 |
| 001 |
in00000088843 |
| 005 |
20151008063257.0 |
| 008 |
810319s1981 cau 00010 eng |
| 010 |
|
|
|a 81002763
|
| 020 |
|
|
|a 0520040600
|
| 035 |
|
|
|a (OCoLC)07306418
|
| 035 |
|
|
|9 AAK1927AM
|
| 039 |
0 |
|
|a 2
|b 3
|c 3
|d 3
|e 3
|
| 040 |
|
|
|a DLC
|c DLC
|d TXA
|d UtOrBLW
|
| 041 |
1 |
|
|a eng
|a ger
|
| 049 |
|
|
|a TXAM
|c [1672342]
|
| 050 |
0 |
0 |
|a B3361.Z7
|b S3413
|
| 082 |
0 |
|
|a 301
|2 19
|
| 100 |
1 |
|
|a Schluchter, Wolfgang,
|d 1938-
|
| 240 |
1 |
0 |
|a Rationalismus der Weltbeherrschung.
|l English
|
| 245 |
1 |
4 |
|a The rise of Western rationalism :
|b Max Weber's developmental history /
|c Wolfgang Schluchter ; translated, with an introduction by Guenther Roth.
|
| 263 |
|
|
|a 8111
|
| 264 |
|
1 |
|a Berkeley :
|b University of California Press,
|c [1981]
|
| 264 |
|
4 |
|c ©1981
|
| 300 |
|
|
|a xxvii, 178 pages ;
|c 24 cm.
|
| 336 |
|
|
|a text
|b txt
|2 rdacontent
|
| 337 |
|
|
|a unmediated
|b n
|2 rdamedia
|
| 338 |
|
|
|a volume
|b nc
|2 rdacarrier
|
| 500 |
|
|
|a Translation of: Rationalismus der Weltbeherrschung.
|
| 600 |
1 |
0 |
|a Weber, Max,
|d 1864-1920.
|
| 650 |
|
0 |
|a History
|x Philosophy.
|
| 650 |
|
0 |
|a Rationalism.
|
| 650 |
|
0 |
|a Historical sociology.
|
| 650 |
|
0 |
|a Religion and sociology.
|
| 650 |
|
0 |
|a Political science
|x Philosophy.
|
| 999 |
|
|
|a MARS
|
| 999 |
f |
f |
|s 1c725801-71c9-3a97-b2f6-8ef52fb87352
|i 831a2fc4-afe8-34c0-9dd9-e7fcfc41ffbf
|t 0
|
| 952 |
f |
f |
|p normal
|a Texas A&M University
|b College Station
|c Sterling C. Evans Library
|d Evans: Library Stacks
|t 0
|e B3361.Z7 S3413
|h Library of Congress classification
|i unmediated -- volume
|m A14806084708
|
| 998 |
f |
f |
|a B3361.Z7 S3413
|t 0
|l Evans: Library Stacks
|